| 000 | 00622nam a2200181 a 4500 | ||
|---|---|---|---|
| 008 | 120416s1996 ||||||||||||||||| || u | ||
| 020 | _a0273616978 | ||
| 050 | _aHD 30.25 Mor | ||
| 100 | _aMorris, Clare | ||
| 245 | 1 | 0 | _aQuantitative approaches in business studies |
| 250 | _a4th ed. | ||
| 260 |
_aLondon _bPitman Publishing _c1996 |
||
| 300 | _axii, 480p. : ill. | ||
| 350 | _a0.00 | ||
| 650 | 0 | _aMANAGEMENT | |
| 650 | _aMANAGEMENT--QUANTITATIVE APPROACH | ||
| 995 |
_D0.00 _FCBU-MAIN LIBRARY (Kitwe) _H1 _I33.00 _M1 _UAVAILABLE _ZMain Library Open Access Collection |
||
| 999 |
_c55439 _d55439 |
||